Đặt tên cho thương hiệu : 10 nguyên tắc để tạo nên một tên thưong hiệu tuyệt vời
Quyển sách cung cấp 10 nguyên tắc để xây dựng một thương hiệu mạnh và những sai lầm cần tránh trong việc đặt tên.
Gardado en:
| Autor Principal: | |
|---|---|
| Formato: | Libro |
| Idioma: | Undetermined |
| Publicado: |
Thành phố Hồ Chí Minh
Trẻ
2010
|
| Những chủ đề: | |
| Các nhãn: |
Engadir etiqueta
Sen Etiquetas, Sexa o primeiro en etiquetar este rexistro!
|
| Thư viện lưu trữ: | Trung tâm Học liệu Trường Đại học Cần Thơ |
|---|
| LEADER | 00879nam a2200217Ia 4500 | ||
|---|---|---|---|
| 001 | CTU_158512 | ||
| 008 | 210402s9999 xx 000 0 und d | ||
| 020 | |c 108000 | ||
| 082 | |a 658.827 | ||
| 082 | |b T129 | ||
| 100 | |a Tai, Jacky | ||
| 245 | 0 | |a Đặt tên cho thương hiệu : | |
| 245 | 0 | |b 10 nguyên tắc để tạo nên một tên thưong hiệu tuyệt vời | |
| 245 | 0 | |c Jacky Tai ; Nguyễn Phúc Hoàng dịch | |
| 260 | |a Thành phố Hồ Chí Minh | ||
| 260 | |b Trẻ | ||
| 260 | |c 2010 | ||
| 520 | |a Quyển sách cung cấp 10 nguyên tắc để xây dựng một thương hiệu mạnh và những sai lầm cần tránh trong việc đặt tên. | ||
| 650 | |a Brand name of business,Brand marketing | ||
| 904 | |i HHTrang, Lan | ||
| 980 | |a Trung tâm Học liệu Trường Đại học Cần Thơ | ||